000 00484nam a22001817a 4500
003 LK-CoMWRAF
005 20231022155657.0
008 231022b |||||||| |||| 00| 0 eng d
040 _aLK-CoMWRAF
_dLK-CoMWRAF
_eLK-CoMWRAF
041 _aeng
082 _a297.124
_bELI
100 _aEliyasee, M. A. Haleem
245 _aThe Holy Qur'an :
_bTransliteration in roman script
260 _aNew Delhi :
_bIslamic book service
_c2004
300 _a605p
650 _aQur'an
942 _cBK
999 _c3984
_d3984